logo

Bir Sreshtho Munshi Abdur Rouf Library
Jhenaidah Cadet College

শাশ্বত নবী / (Record no. 6711)

MARC details
000 -LEADER
fixed length control field 00650nam a22002171a 4500
001 - CONTROL NUMBER
JCCL Control Number 6711
003 - CONTROL NUMBER IDENTIFIER
JCCL marc code BD-JhCC
005 - DATE AND TIME OF LATEST TRANSACTION
control field 20180401121409.0
008 - FIXED-LENGTH DATA ELEMENTS--GENERAL INFORMATION
fixed length control field 180128s1980 bg |||| ||a| 000 0 ben d
035 ## - SYSTEM CONTROL NUMBER
system control number (BD-JhCC)6711
040 ## - CATALOGING SOURCE
Original cataloging agency BD-JhCC
Modifying agency BD-JhCC
041 ## - LANGUAGE CODE
Language code of Book ben
082 ## - DEWEY DECIMAL CLASSIFICATION NUMBER
Classification number 273.63
Author mark and Year SHA 1980
245 ## - TITLE STATEMENT
Title শাশ্বত নবী /
Statement of responsibility, etc আবদুল গফুর সম্পা.
260 ## - PUBLICATION, DISTRIBUTION, ETC. (IMPRINT)
Place of publication, distribution, etc ঢাকা :
Name of publisher, distributor, etc ইসলামী সাংস্কৃতিক কেন্দ্র,
Date of publication, distribution, etc 1980.
300 ## - PHYSICAL DESCRIPTION
Pagination 173 p. :
Dimensions 22 cm.
650 ## - SUBJECT ADDED ENTRY--TOPICAL TERM
Topical term or geographic name as entry element The Prophet
700 ## - ADDED ENTRY--PERSONAL NAME
Personal name গফুর, আবদুল
942 ## - ADDED ENTRY ELEMENTS (KOHA)
Source of classification or shelving scheme Dewey Decimal Classification
Koha item type Books
Holdings
Source of classification or shelving scheme Damaged status Not for loan Home library Current library Shelving location Date of accession Cost, normal purchase price Total Checkouts Full call number Barcode Date last seen Copy number Koha item type
Dewey Decimal Classification     JCC Rouf Library JCC Rouf Library General Stacks 01/28/2018 15.00   273.63 SHA 1980 728 01/28/2018 C -1 Books

JCC Library | Contacts | JCC Home

Last Update on 23 September 2017
Copyright @ 2017-2020 JCC Rouf Library
Rouf Library, Jhenidah Cadet College (JCC), Bangladesh